Państwa które kontrolowały Poznań - Statystyki

Ogólne statystyki
  • Ten quiz został rozwiązany 49 razy
  • Średni wynik to 7 z 7
Statystyki odpowiedzi
Lata kontrolowania Państwo % Poprawnych
ok. 960 - 1793 Polska
100%
1793 - 1807 Prusy
98%
1919 - 1939 Polska
96%
1945 - obecnie Polska
96%
1939 - 1945 Niemcy
94%
1815 - 1919 Prusy / Niemcy
94%
1807 - 1815 Księstwo Warszawskie
79%
Nie znaleziono quizów pasujących do podanych kryteriów
Rozkład punktacji
Procent ludzi z każdym wynikiem
Percentyl według liczby udzielonych odpowiedzi
Twoja historia wyników
Nie rozwiązałeś tego quizu